Bytový dom

Gespeichert in:
Bibliographische Detailangaben
1. Verfasser: Šoóki, Miroslav (Verfasst von)
Weitere Verfasser: Paulovičová, Lucia (Betreuung Doktorarbeit)
Format: Manuskript Buch
Sprache:Slowakisch
Veröffentlicht: 2024
Schlagworte:
Online-Zugang:http://is.stuba.sk/zp/portal_zp.pl?podrobnosti=179748
https://opac.crzp.sk/?fn=detailBiblioForm&sid=F0082B7A009D1614B1C314B883AC
Tags: Tag hinzufügen
Keine Tags, Fügen Sie das erste Tag hinzu!

MARC

LEADER 00000ntm a22000003a 4500
001 stuzp94155
003 SK-STU
005 20240927120157.3
007 ta
008 150427s2015----xo-----f-mn---000-0-slo-d
040 |a STU  |b slo 
041 0 |a slo 
100 1 |a Šoóki, Miroslav  |u 010270  |4 aut  |U SvF Stavebná fakulta  |T SvF Katedra technológie stavieb  |X 93335  |U V270  |Y 28  |7 93335 
242 0 1 |a Apartment House  |y eng 
245 1 0 |a Bytový dom 
260 |c 2024 
650 4 |a vystužovanie  |2 slo 
650 4 |a Cobiax  |2 slo 
650 4 |a debnenie  |2 slo 
650 4 |a betonáž  |2 slo 
650 4 |a železobetón  |2 slo 
650 4 |a stropná konštrukcia  |2 slo 
650 4 |a formwork  |2 eng 
650 4 |a reinforcement  |2 eng 
650 4 |a concreting  |2 eng 
650 4 |a reinforced concrete  |2 eng 
650 4 |a ceiling construction  |2 eng 
650 4 |a Cobiax  |2 eng 
700 1 |a Paulovičová, Lucia  |u 010270  |k Z8  |4 ths  |U SvF Stavebná fakulta  |T SvF Katedra technológie stavieb  |X 52129  |U V270  |Y 28  |7 A000052129 
856 4 |u http://is.stuba.sk/zp/portal_zp.pl?podrobnosti=179748 
856 4 |u https://opac.crzp.sk/?fn=detailBiblioForm&sid=F0082B7A009D1614B1C314B883AC